| Record ID | ia:supermanreturnof0000unse_k0p6 |
| Source | Internet Archive |
| Download MARC XML | https://archive.org/download/supermanreturnof0000unse_k0p6/supermanreturnof0000unse_k0p6_marc.xml |
| Download MARC binary | https://www.archive.org/download/supermanreturnof0000unse_k0p6/supermanreturnof0000unse_k0p6_meta.mrc |
LEADER: 03181cam 2200649 a 4500
001 ocn709682520
003 OCoLC
005 20220826042142.0
008 120127s2011 nyua 6 000 1 eng d
010 $a 2011276483
040 $aBTCTA$beng$cDLC$dBTCTA$dZQP$dWL8$dORX$dB@L$dUKMGB$dBDX$dYDXCP$dWIM$dOCLCF$dOCLCO$dDILBD$dOCL$dOCLCO$dOCLCQ$dOCLCO$dOCLCQ$dCNWLU$dOCL$dOCLCO$dNZNAP$dOCLCO$dAVR$dOCLCO$dHKHPL$dNLE$dOCL$dOCLCO$dJTB$dOCLCO
015 $aGBB191422$2bnb
016 7 $a015860270$2Uk
019 $a983311465$a1079009153
020 $a9781401232535$q(pbk.)
020 $a1401232531$q(pbk.)
020 $a9780857688521
020 $a0857688529
035 $a(OCoLC)709682520$z(OCoLC)983311465$z(OCoLC)1079009153
042 $alccopycat
043 $an-us---
050 00 $aPN6728.S9$bS928 2011
082 04 $a741.5/973$223
245 00 $aSuperman :$breturn of doomsday /$cSteve Lyons [and others] writers ; Ed Benes [and others] artists ; Blond [and others] colorists ; Pat Brosseau [and others] letterers ; collection cover by Brett Booth with Andrew Dalhouse.
246 30 $aReturn of doomsday
260 $aNew York :$bDC Comics,$c©2011.
300 $a1 volume (unpaged) :$bcolor illustrations ;$c26 cm
336 $atext$btxt$2rdacontent
337 $aunmediated$bn$2rdamedia
338 $avolume$bnc$2rdacarrier
500 $aOriginally published in single magazine form as Steel #1, Outsiders #37, Justice league of America #55, Superman/ Batman Annual #5 and Superboy #6.
520 $aDoomsday is the unstoppable force of evil that once killed the Man of Steel. He has returned to Metropolis and is targeting the other heroes and villains from the original Reign of the Supermen story but there's something different about Doomsday -- something even the Justice League of America might not be prepared for! Discover the shocking secret of his ultimate goal in attacking all these members of the Super-family.
511 0 $aSteve Lyons ... [et al.] writers ; Ed Benes ... [et al.] artists ; Blond ... [et al.] colorists ; Pat Brosseau ... [et al.] letterers ; collection cover by Brett Booth with Andrew Dalhouse.
600 00 $aSuperman$c(Fictitious character)$vComic books, strips, etc.
600 07 $aSuperman$c(Fictitious character)$2fast$0(OCoLC)fst01138904
655 4 $aSuperhero comic books, strips, etc.
655 7 $aComics (Graphic works)$2fast$0(OCoLC)fst01921613
655 7 $aGraphic novels.$2fast$0(OCoLC)fst01726630
655 7 $aSuperhero comic books, strips, etc.$2gsafd
655 7 $aGraphic novels.$2lcgft
655 7 $aComics (Graphic works)$2lcgft
655 7 $aBandes dessinées.$2rvmgf
700 1 $aLyons, Steve.
700 1 $aBenes, Ed.
700 0 $aBlond.
700 1 $aBrosseau, Pat.
700 1 $aBooth, Brett.
700 1 $aDalhouse, Andrew.
938 $aBrodart$bBROD$n12819425$c$14.99
938 $aBaker and Taylor$bBTCP$nBK0009720430
938 $aYBP Library Services$bYANK$n8590086
029 1 $aAU@$b000047981461
029 1 $aNZ1$b13879941
029 1 $aUKMGB$b015860270
029 1 $aAU@$b000064125753
994 $aZ0$bIME
948 $hNO HOLDINGS IN IME - 152 OTHER HOLDINGS